Score 0/36 Timer 04:00
0 Plays Today
Hint Word % Correct
▲ Volcanic substance ▲▲ LAVA ▲
98.5%
Buddhist leader: Dalai ____LAMA
97.7%
Unable to walkLAME
92.2%
Walking stickCANE
91.1%
▲ Volcano shape ▲▲ CONE ▲
90%
DomesticatedTAME
89.2%
Square in 3DCUBE
87.3%
RemedyCURE
85.5%
Caribbean nationCUBA
85.1%
Large brass instrumentTUBA
85%
Quality of soundTONE
83.8%
Pubs/tavernsBARS
82.7%
BookTOME
82.6%
Not realFAKE
81.8%
Charge for transportFARE
78.7%
UncoveredBARE
78.6%
Cause of ruin/miseryBANE
77.1%
▲ Location of the largest known volcano ▲▲ MARS ▲
73.1%
Hint Word % Correct
ProtectionCARE
72.2%
Pastry dessertTART
70.9%
MarketMART
70.2%
27th US PresidentTAFT
69.5%
Cluster of hair/furTUFT
66.8%
ChallengeDARE
64.5%
Pointed projectileDART
62.3%
▲ Volcanic rock ▲▲ TUFA ▲
61.8%
▲ Vulcan: Roman god of ____▲ FIRE ▲
61.3%
RoadLANE
51.1%
▲ Indonesian supervolcano: ___ Toba ▲▲ LAKE ▲
48.4%
Lease outLEND
45.8%
EarthLAND
44.2%
StupidDAFT
42.3%
SkillfulDEFT
38.2%
SellVEND
38%
Hollow/depressionDENT
37.5%
▲ Volcanic pore ▲▲ VENT ▲
35.1%

Today's Daily Dose

Missing Word
I Hardly Know Her!

Word Ladder
Sentence Ending

Quick Pick
Female Firsts

Get the Picture
Triathlon Sports

Remove Ads.
Support Sporcle.
Get the best of Sporcle when you Go Orange. This ad-free experience offers more features, more stats, and more fun while also helping to support Sporcle. Thank you for becoming a member.

You're not logged in!

Compare scores with friends on all Sporcle quizzes.
OR
Log In

Show Comments

Extras

Top Quizzes Today


Score Distribution

Your Account Isn't Verified!

In order to create a playlist on Sporcle, you need to verify the email address you used during registration. Go to your Sporcle Settings to finish the process.

Report this User

Report this user for behavior that violates our Community Guidelines.

Details: